000 003000000a22001090004500
100 1 _aSánchez Cetina, Edesio
245 1 0 _a"íNo se la dejéis a la serpiente...!"
300 _aVol.49, núm.210 (1994), Páginas 24-27
650 1 4 _aBIBLIA-CAÍDA
773 0 _tLa Biblia en las Américas
942 _cANA
999 _c62919
_d62919